00602nam a2200157 a 450000100100000000500170001000800410002704000250006810000320009324500950012526000500022030000280027070000240029895201050032299900170042700004081220201002034410.0130906s2008 ag 000 0 spa d aDO-SdBNPbspacBNPHU1 aBonillas-Musoles, F.96723410aObstetricia, reproducción y ginecología básicas /cF. Bonillas Musoles, A. Pellicer. aBuenos Aires :bMédica Panamericana,c2008. a827 p. :bil. ;c20 cm.1 aPellicer, A.967235 001050718MOaGRbGRcCTd2013-09-06iLF1l0o p40812-10r2020-06-25w2020-06-25y1ZNo se presta c40302d40302